000 00251nam a2200109Ia 4500
999 _c9881
_d9881
020 _a978-8131102145
100 _aMatthew , Zakaria
245 0 _aArt Of Business Communication
260 _aNew Delhi
_bPrentice Hall
_c2004
300 _a321
942 _cBK